<?xml version="1.0" encoding="UTF-8"?>
<record
    xmlns:xsi="http://www.w3.org/2001/XMLSchema-instance"
    xsi:schemaLocation="http://www.loc.gov/MARC21/slim http://www.loc.gov/standards/marcxml/schema/MARC21slim.xsd"
    xmlns="http://www.loc.gov/MARC21/slim">

  <leader>00617nam a2200157   4500</leader>
  <controlfield tag="008">708 R349a</controlfield>
  <datafield tag="020" ind1=" " ind2=" ">
    <subfield code="a">9074816215</subfield>
  </datafield>
  <datafield tag="082" ind1=" " ind2=" ">
    <subfield code="a">708</subfield>
    <subfield code="b">R349a</subfield>
  </datafield>
  <datafield tag="100" ind1=" " ind2=" ">
    <subfield code="a">Reichek, Elaine</subfield>
    <subfield code="9">6587</subfield>
  </datafield>
  <datafield tag="245" ind1=" " ind2=" ">
    <subfield code="a">Elaine Reichek</subfield>
  </datafield>
  <datafield tag="260" ind1=" " ind2=" ">
    <subfield code="a">Bruselas</subfield>
    <subfield code="b">Societ&#xE9; des Expositions</subfield>
    <subfield code="c">2000</subfield>
  </datafield>
  <datafield tag="300" ind1=" " ind2=" ">
    <subfield code="a">82 p.</subfield>
    <subfield code="b">ill (col)</subfield>
    <subfield code="c">24.2 x 21 cm</subfield>
  </datafield>
  <datafield tag="505" ind1=" " ind2=" ">
    <subfield code="t">Elaine Reichek:Memos for the New Millennium</subfield>
    <subfield code="t">Plates</subfield>
    <subfield code="t">At Home &amp; in the World</subfield>
    <subfield code="r">Elaine Reichek</subfield>
    <subfield code="t">Plantes and sources</subfield>
    <subfield code="t">Biography and bibliography</subfield>
  </datafield>
  <datafield tag="650" ind1=" " ind2=" ">
    <subfield code="x">arte contempor&#xE1;neo</subfield>
    <subfield code="x">arte - exhibiciones</subfield>
    <subfield code="x">arte visual</subfield>
    <subfield code="x">arte - bordados</subfield>
    <subfield code="x"> Estados Unidos</subfield>
    <subfield code="9">6588</subfield>
  </datafield>
  <datafield tag="700" ind1=" " ind2=" ">
    <subfield code="a">Champese, Marie-Th&#xE9;r&#xE8;se</subfield>
    <subfield code="9">6589</subfield>
  </datafield>
  <datafield tag="999" ind1=" " ind2=" ">
    <subfield code="c">1580</subfield>
    <subfield code="d">1580</subfield>
  </datafield>
  <datafield tag="952" ind1=" " ind2=" ">
    <subfield code="0">0</subfield>
    <subfield code="1">0</subfield>
    <subfield code="2">ddc</subfield>
    <subfield code="4">0</subfield>
    <subfield code="7">0</subfield>
    <subfield code="a">LV</subfield>
    <subfield code="b">LV</subfield>
    <subfield code="c">Eventos y Bienales</subfield>
    <subfield code="d">2018-08-16</subfield>
    <subfield code="l">0</subfield>
    <subfield code="o">708 R349a</subfield>
    <subfield code="p">001010</subfield>
    <subfield code="r">2018-08-16 00:00:00</subfield>
    <subfield code="w">2018-08-16</subfield>
    <subfield code="y">01</subfield>
  </datafield>
</record>
